<?xml version="1.0" encoding="UTF-8"?>
<collection xmlns="http://www.loc.gov/MARC21/slim">
 <record>
  <leader>03388am aa2000553a 44500</leader>
  <controlfield tag="001">1/52351</controlfield>
  <controlfield tag="008"> 960703s1997    nyua     b    001 0 eng </controlfield>
  <datafield tag="010" ind1=" " ind2=" ">
   <subfield code="a"> 96018618 </subfield>
  </datafield>
  <datafield tag="020" ind1=" " ind2=" ">
   <subfield code="a">0385482051</subfield>
  </datafield>
  <datafield tag="020" ind1=" " ind2=" ">
   <subfield code="a">9780385482059</subfield>
  </datafield>
  <datafield tag="035" ind1=" " ind2=" ">
   <subfield code="a">(EXLNZ-01ALLIANCE_NETWORK)99147317480001451</subfield>
  </datafield>
  <datafield tag="035" ind1=" " ind2=" ">
   <subfield code="a">(OCoLC)35068104</subfield>
  </datafield>
  <datafield tag="035" ind1=" " ind2=" ">
   <subfield code="a">(OCoLC)ocm35068104 </subfield>
  </datafield>
  <datafield tag="040" ind1=" " ind2=" ">
   <subfield code="a">DLC</subfield>
   <subfield code="b">eng</subfield>
   <subfield code="c">DLC</subfield>
   <subfield code="d">NLGGC</subfield>
   <subfield code="d">YDXCP</subfield>
   <subfield code="d">BTCTA</subfield>
   <subfield code="d">DEBBG</subfield>
   <subfield code="d">WTX</subfield>
   <subfield code="d">HALAN</subfield>
   <subfield code="d">OCLCO</subfield>
   <subfield code="d">OCLCF</subfield>
   <subfield code="d">OCLCQ</subfield>
   <subfield code="d">I8M</subfield>
   <subfield code="d">OCLCO</subfield>
   <subfield code="d">THHCU</subfield>
   <subfield code="d">ESU</subfield>
   <subfield code="d">OCLCQ</subfield>
   <subfield code="d">TFW</subfield>
   <subfield code="d">NIU</subfield>
   <subfield code="d">T9K</subfield>
   <subfield code="d">CNO</subfield>
   <subfield code="d">LWA</subfield>
   <subfield code="d">COF</subfield>
   <subfield code="d">GZM</subfield>
   <subfield code="d">HCO</subfield>
   <subfield code="d">GILDS</subfield>
   <subfield code="d">RVA</subfield>
   <subfield code="d">CEF</subfield>
   <subfield code="d">CRU</subfield>
   <subfield code="d">PAU</subfield>
   <subfield code="d">CPO</subfield>
   <subfield code="d">NTG</subfield>
   <subfield code="d">INT</subfield>
   <subfield code="d">JDP</subfield>
   <subfield code="d">URS</subfield>
   <subfield code="d">BGU</subfield>
   <subfield code="d">OCLCO</subfield>
   <subfield code="d">OCLCQ</subfield>
   <subfield code="d">OCLCA</subfield>
   <subfield code="d">IL4J6</subfield>
   <subfield code="d">OCLCO</subfield>
  </datafield>
  <datafield tag="050" ind1=" " ind2=" ">
   <subfield code="a">HF5415.127</subfield>
   <subfield code="b">.P465 1997</subfield>
  </datafield>
  <datafield tag="082" ind1=" " ind2=" ">
   <subfield code="a">658.8 PEP</subfield>
   <subfield code="2">20</subfield>
  </datafield>
  <datafield tag="084" ind1=" " ind2=" ">
   <subfield code="a">85.10</subfield>
   <subfield code="2">bcl</subfield>
  </datafield>
  <datafield tag="084" ind1=" " ind2=" ">
   <subfield code="a">85.40</subfield>
   <subfield code="2">bcl</subfield>
  </datafield>
  <datafield tag="084" ind1=" " ind2=" ">
   <subfield code="a">QP 620</subfield>
   <subfield code="2">rvk</subfield>
  </datafield>
  <datafield tag="100" ind1="1" ind2=" ">
   <subfield code="a">Peppers, Don.</subfield>
  </datafield>
  <datafield tag="245" ind1="1" ind2="0">
   <subfield code="a">Enterprise one to one :</subfield>
   <subfield code="b">tools for competing in the interactive age /</subfield>
   <subfield code="c">Don Peppers and Martha Rogers.</subfield>
  </datafield>
  <datafield tag="260" ind1=" " ind2=" ">
   <subfield code="a">New York :</subfield>
   <subfield code="b">Currency Doubleday,</subfield>
   <subfield code="c">1997.</subfield>
  </datafield>
  <datafield tag="300" ind1=" " ind2=" ">
   <subfield code="a">xxv, 436 σ. :</subfield>
   <subfield code="b">εικ. ;</subfield>
   <subfield code="c">19 εκ.</subfield>
  </datafield>
  <datafield tag="504" ind1=" " ind2=" ">
   <subfield code="a">Βιβλιογραφία: σ. 392-414.</subfield>
  </datafield>
  <datafield tag="500" ind1=" " ind2=" ">
   <subfield code="a">Περιέχει ευρετήριο.</subfield>
  </datafield>
  <datafield tag="505" ind1=" " ind2=" ">
   <subfield code="a">1. The Musical Condom: The Basic Rules of Competition Rewritten for the Interactive Age -- 2. Some Customers are More Equal than Others: How to Identify and Capitalize on Customer Differences -- 3. Mapping the Strategy: How to Use Your Customer Base to Map Out Your 1:1 Strategy -- 4. Infant Mortality at MCI: How to Fix the &quot;Leaky Bucket&quot; of Customer Attrition -- and How Not To -- 5. Growing Your Customer Base: How to Increase Your Share of Customer and Improve Your Bottom Line -- 6. The Asymmetrical Brassiere: How to Profit from Mass Customization -- 7. Smart Retreads: How to Keep Your Customers Forever, and Increase Your Margins Too -- 8. Expanding the &quot;Need Set&quot;: How to Customize, Even if You're Selling a Commodity -- 9. Community Knowledge: How to Anticipate What Your Customer Wants -- 10. Surfing the Feedback Loop: How to Get More Customer Feedback While Protecting Privacy -- 11. The Medium is the Matchmaker: How to Own the Customer in a Changing Media Landscape -- 12. The Busy Shoe Salesman: How to Remove Distribution Barriers Between You and the Customer -- 13. Making It: How to Get There from Here -- 14. An Open Letter to the CEO.</subfield>
  </datafield>
  <datafield tag="520" ind1=" " ind2=" ">
   <subfield code="a">Explains how businesses can use interactive information gathering to get a better idea of what their customers want and serve them better by anticipating their needs.</subfield>
  </datafield>
  <datafield tag="650" ind1=" " ind2="4">
   <subfield code="a">Customer relations.</subfield>
  </datafield>
  <datafield tag="650" ind1=" " ind2="4">
   <subfield code="a">Market segmentation.</subfield>
  </datafield>
  <datafield tag="650" ind1=" " ind2="4">
   <subfield code="a">Relationship marketing.</subfield>
  </datafield>
  <datafield tag="650" ind1=" " ind2="4">
   <subfield code="a">Πελατειακές σχέσεις</subfield>
   <subfield code="x">Διαχείριση.</subfield>
  </datafield>
  <datafield tag="650" ind1=" " ind2="4">
   <subfield code="a">Technological innovations.</subfield>
  </datafield>
  <datafield tag="650" ind1=" " ind2="7">
   <subfield code="a">Customer relations</subfield>
   <subfield code="2">fast</subfield>
  </datafield>
  <datafield tag="650" ind1=" " ind2="7">
   <subfield code="a">Customer relations</subfield>
   <subfield code="2">nli</subfield>
  </datafield>
  <datafield tag="650" ind1=" " ind2="7">
   <subfield code="a">Datenverarbeitung</subfield>
   <subfield code="2">gnd</subfield>
  </datafield>
  <datafield tag="650" ind1=" " ind2="7">
   <subfield code="a">Kundenmanagement</subfield>
   <subfield code="2">gnd</subfield>
  </datafield>
  <datafield tag="650" ind1=" " ind2="7">
   <subfield code="a">Market segmentation</subfield>
   <subfield code="2">fast</subfield>
  </datafield>
  <datafield tag="650" ind1=" " ind2="7">
   <subfield code="a">Market segmentation</subfield>
   <subfield code="2">nli</subfield>
  </datafield>
  <datafield tag="650" ind1=" " ind2="7">
   <subfield code="a">Relationship marketing</subfield>
   <subfield code="2">fast</subfield>
  </datafield>
  <datafield tag="650" ind1=" " ind2="7">
   <subfield code="a">Relationship marketing</subfield>
   <subfield code="2">nli</subfield>
  </datafield>
  <datafield tag="650" ind1=" " ind2="7">
   <subfield code="a">Technological innovations</subfield>
   <subfield code="2">fast</subfield>
  </datafield>
  <datafield tag="650" ind1=" " ind2="7">
   <subfield code="a">Technological innovations</subfield>
   <subfield code="2">nli</subfield>
  </datafield>
  <datafield tag="650" ind1=" " ind2="7">
   <subfield code="a">Informatietechnologie</subfield>
   <subfield code="2">gtt</subfield>
  </datafield>
  <datafield tag="650" ind1=" " ind2="7">
   <subfield code="a">Klantgerichtheid</subfield>
   <subfield code="2">gtt</subfield>
  </datafield>
  <datafield tag="650" ind1=" " ind2="7">
   <subfield code="a">Wedijver</subfield>
   <subfield code="2">gtt</subfield>
  </datafield>
  <datafield tag="700" ind1=" " ind2=" ">
   <subfield code="a">Rogers, Martha,</subfield>
   <subfield code="d">1952-</subfield>
  </datafield>
  <datafield tag="852" ind1=" " ind2=" ">
   <subfield code="a">INST</subfield>
   <subfield code="b">UNIPILB</subfield>
   <subfield code="c">MAIN</subfield>
   <subfield code="e">20210720</subfield>
   <subfield code="h">658.8 PEP</subfield>
   <subfield code="p">00183049</subfield>
   <subfield code="q">00183049</subfield>
   <subfield code="t">LOAN</subfield>
   <subfield code="y">0</subfield>
   <subfield code="4">1</subfield>
  </datafield>
  <datafield tag="960" ind1=" " ind2=" ">
   <subfield code="a">GEORGE</subfield>
  </datafield>
  <datafield tag="960" ind1=" " ind2=" ">
   <subfield code="a">ΜΑΡΙΑ ΒΕΛ</subfield>
  </datafield>
 </record>
</collection>
